| 000 | 00451cam4a220018100 4500 | ||
|---|---|---|---|
| 001 | tmp15935472 | ||
| 003 | UPRA | ||
| 005 | 20190814113703.0 | ||
| 008 | 951114s1991 xx eng u | ||
| 035 | _a(Sirsi) r50065 | ||
| 035 | _a(UPRA)tmp15935472 | ||
| 040 | _cUPRA | ||
| 100 | 1 |
_cDr. _6A8118.1 |
|
| 245 | 1 | 4 |
_aThe first baby : _ba guide for new mothers. |
| 260 | _c1991. | ||
| 949 |
_aRJ101 _wLC _i-62933 _mMEDICAL _tBOOK _lON-SHELF |
||
| 004 | 50065 | ||
| 999 |
_c50875 _d50875 |
||